1114 1397 1387 1365 1340 1618 1590 1102 1558 1841 1632 1851 1911 1946 1666 1023 1956 1520 1071 1746 1672 1243 1274 1486 1100 1011 1236 1751 1057 1174 1563 1504 1619 1863 1908 1102 1973 1842 1693 1077 1654 1527 1951 1037 1973 1732 1410 1055 1259 1720 1526 1747 1167 1744 1916 1653 1911 1459 1457 1870 1709 1967 1837 1148 1939 1262 1690 1962 1597 1718 1528 1081 1551 1300 1037 1437 1771 1865 1425 1703 1882 1827 1974 1428 1494 1082 1516 1461 1705 1074 1932 1488 1916 1310 1366 1704 1979 1819 1319 BCNSPRNW ULIB Ver.6.0+V

เปลี่ยนเป็นภาษาไทย

Change to English
 แสดงรายละเอียดบรรณานุกรม
  กลับหน้าหลัก

Brief Record : Get Marc (ISO 2709) : E-mail record : QR code < ปิดหน้าต่าง
LEADER : 00000nam 2200000uu 4500
001    13399113369
003     ULIB
008    110627s2551||||th 000 0 tha d
020    9789741033638
090    นว.^bด812S 2551
100 0  เด็กทะเล
245 00 Silver Rain...หยาดฝนสีน้ำเงิน/^cเด็กทะเล
250    พิมพ์ครั้งที่ 3
260    กรุงเทพฯ :^bอมรินทร์,^c2551
300    345 หน้า
710 1  อมรินทร์
945    ^p219^l0^i023592
995    ทศพร
999 ^a ใช้งานได้ทุกระบบ
รายการนี้ยังไม่มีแท็ก
คุณยังไม่ได้ล็อกอิน คุณสามารถมีกิจกรรมร่วมกับเว็บไซต์ได้ แต่ต้องล็อกอินก่อน ::
  ล็อกอิน

รายการสื่อสารสนเทศ

ลำดับที่ ประเภท เลขเรียก/บาร์โค้ด สถานที่ สถานะ
- ไม่พบข้อมูล -

รายการใกล้เคียง
    ผู้แต่ง [เด็กทะเล]

BibComment


ยังไม่เคยถูกคอมเมนท์

คอมเมนท์ทรัพยากรรายการนี้
  คอมเมนท์: Silver Rainหยาดฝน..


 Copyright 2026. Bcnsprnw @Library